000 01073cab a2200205 4500
001 ##L136024
008 070103n2006 000 0 eng u
035 _a(Sirsi) u136024
041 0 _aeng
110 2 _aCITB-ConstructionSkills
_94992
245 0 0 _a£190bn bounty for UK construction employers
260 _c2006
490 0 _aCITB-ConstructionSkills Press Release
_v12 December 2006
520 _aNew statistics from the Construction Skills Network reveal that there are over 7 500 new construction projects anticipated from 2007 until the end of 2012, with a total value of nearly £190bn. Top future projects include Heathrow Terminal 5, Hounslow, Barracks Development, Aldershot, and a waste water project, Crawley. To manage this future demand, ConstructionSkills is urging employers to consider their approach to training and retaining staff.
590 _aKA
651 4 _aUnited Kingdom
_y
690 _aBUILT ENVIRONMENT
856 4 0 _uhttps://www.constructionskills.net/news
_zView the item free of charge at www.constructionskills.net...
942 _n0
999 _c78100
_d78100